000 00602nam a2200169 a 4500
008 100121s2000 ||||||||||||||||| || u
020 _a0521602890
050 _aTA 354 Str
100 _aStronge, W. J. (William James), 1937-
245 1 0 _aImpact mechanics
_cW. J. Stronge
260 _aCambridge
_bCambridge University Press
_c2000
300 _axix, 280p.: ill.
350 _a0.00
650 _aIMPACT
650 _aMECHANICS
995 _D0.00
_FCBU-MAIN LIBRARY (Kitwe)
_H1
_I0.00
_M1
_UAVAILABLE
_WMar 10, 2010
_ZMain Library Open Access Collection
999 _c46211
_d46211